Do portfólia patrí aj ľudský kapitál

Dlhodobé investovanie a ochota znášať riziko. Ľudské zdroje a investičné riziko. Ako investovať. Základné pravidlá investovania. Sporenie ako súčasť investovania.

Enregistré dans:
Détails bibliographiques
Auteur principal: Varga, Matej
Format: Chapitre de livre
Langue:slovaque
Sujets:
Tags: Ajouter un tag
Pas de tags, Soyez le premier à ajouter un tag!

MARC

LEADER 00000naa a2200000 4500
001 0165608
005 20231013090139.7
041 0 |a slo 
044 |a SK 
245 1 0 |a Do portfólia patrí aj ľudský kapitál  |c Matej Varga 
520 |a Dlhodobé investovanie a ochota znášať riziko. Ľudské zdroje a investičné riziko. Ako investovať. Základné pravidlá investovania. Sporenie ako súčasť investovania. 
610 2 0 |a investície 
610 2 0 |a investovanie 
610 2 0 |a investori 
610 2 0 |a riziko 
610 2 0 |a kapitál ľudský 
610 2 0 |a inflácia 
610 2 0 |a sporenie obyvateľstva 
100 1 |a Varga, Matej